000 00467cam a2200193ua 4500
001 5038
008 150130n ii |||gr||||Z||||||eng
020 _a81-7096-117-3
040 _cMAIN
041 _aeng
082 _a823N
100 _aBeach, J. W.,
_eAuthor,
245 _aThe twentieth century novel
_cby J. W. Beach
250 _a1st.
260 _aLudhiana:
_bKalyani Publishers,
_c1994.
300 _a568p:
_c23cm.
653 _aEnglish fiction
942 _cBK
999 _c4222
_d4222